<?xml version='1.0' encoding='UTF-8'?>
  <record xmlns="http://www.loc.gov/MARC21/slim">
    <leader>00000cem a2200000 i 4500</leader>
    <controlfield tag="001">ocn980446645</controlfield>
    <controlfield tag="003">OCoLC</controlfield>
    <controlfield tag="005">20250516174013.1</controlfield>
    <controlfield tag="008">031021s1741    ne        a     0 0 dut d</controlfield>
    <datafield tag="040" ind1=" " ind2=" ">
      <subfield code="a">QGJ</subfield>
      <subfield code="b">dut</subfield>
      <subfield code="c">QGJ</subfield>
    </datafield>
    <datafield tag="035" ind1=" " ind2=" ">
      <subfield code="a">(OCoLC)980446645</subfield>
    </datafield>
    <datafield tag="041" ind1=" " ind2=" ">
      <subfield code="a">dut</subfield>
    </datafield>
    <datafield tag="100" ind1="1" ind2=" ">
      <subfield code="a">Smit, Jan,</subfield>
      <subfield code="c">graveur.</subfield>
    </datafield>
    <datafield tag="245" ind1="1" ind2="0">
      <subfield code="a">Derde plaat der overstroominge inhoudende het Ryk Nimweegen strekkende van de steede Emmerik tot Thiel beneevens de Meyerye van den Bos &amp;c., met alle desselfs doorbraken in 't jaar 1740 en 1741, seer naauwkeurig na het leven afgebeelt /</subfield>
      <subfield code="c">Jan Smit delinavit et fecit.</subfield>
    </datafield>
    <datafield tag="246" ind1="1" ind2=" ">
      <subfield code="a">Plaat der overstroominge inhoudende het Ryk Nimweegen strekkende van de steede Emmerik tot Thiel beneevens de Meyerye van de Bos &amp;c.</subfield>
    </datafield>
    <datafield tag="264" ind1=" " ind2="1">
      <subfield code="a">Te Amsterdam :</subfield>
      <subfield code="b">by A. van Huyssteen en S. van Esveldt,</subfield>
      <subfield code="c">1741.</subfield>
    </datafield>
    <datafield tag="300" ind1=" " ind2=" ">
      <subfield code="a">1 krt. :</subfield>
      <subfield code="b">kopergrav. ;</subfield>
      <subfield code="c">34 x 50 cm</subfield>
    </datafield>
    <datafield tag="336" ind1=" " ind2=" ">
      <subfield code="a">cartographic image</subfield>
      <subfield code="b">cri</subfield>
      <subfield code="2">rdacontent</subfield>
    </datafield>
    <datafield tag="337" ind1=" " ind2=" ">
      <subfield code="a">unmediated</subfield>
      <subfield code="b">n</subfield>
      <subfield code="2">rdamedia</subfield>
    </datafield>
    <datafield tag="338" ind1=" " ind2=" ">
      <subfield code="a">sheet</subfield>
      <subfield code="b">nb</subfield>
      <subfield code="2">rdacarrier</subfield>
    </datafield>
    <datafield tag="500" ind1=" " ind2=" ">
      <subfield code="a">Onder de plaat: 'Verklaaringen van deeze print-verbeeldingen' [A-R ; 1-83].</subfield>
    </datafield>
    <datafield tag="500" ind1=" " ind2=" ">
      <subfield code="a">Voor tweede plaat zie: Tweede plaat der overstroomingen vande Provincien Gelderland en Holland in den jaare 1740 en 1741 ...</subfield>
    </datafield>
    <datafield tag="500" ind1=" " ind2=" ">
      <subfield code="a">Zie: 'Toonneel des Aerdrijcx', nr. 50; Demoed, E.J., De Kerstvloed van 1740. In: 'Nederlandse Historiën' 16, 6 (1982), p. 200-202.</subfield>
    </datafield>
    <datafield tag="500" ind1=" " ind2=" ">
      <subfield code="a">Het najaar van 1740 was er een van overvloedige regens in geheel Europa. De rivieren stegen dan ook onrustbarend; op 17 december stond het water reeds tot aan de kruin van de dijken. In de nacht van 24 op 25 december braken de dijken bij Elden en Bemmel, bij Nederasselt en bij Alfen. Op 5 en 6 januari braken nog meer dijken, zodat begin januari niet minder dan 300.000 morgen land onder water stond (wellicht wordt de Gelderse morgen van 0,318 ha bedoeld, zodat het overstroomde gebied circa 100.000 ha groot was).</subfield>
    </datafield>
    <datafield tag="650" ind1=" " ind2="7">
      <subfield code="a">Overstromingen.</subfield>
      <subfield code="0">(NL-LeOCL)078619629.</subfield>
      <subfield code="2">gtt</subfield>
    </datafield>
    <datafield tag="651" ind1=" " ind2="7">
      <subfield code="a">Rijk van Nijmegen.</subfield>
      <subfield code="0">(NL-LeOCL)095959351.</subfield>
      <subfield code="2">gtt</subfield>
    </datafield>
    <datafield tag="655" ind1=" " ind2="7">
      <subfield code="a">Kaarten (vorm)</subfield>
      <subfield code="0">(NL-LeOCL)088143554.</subfield>
      <subfield code="2">gtt</subfield>
    </datafield>
    <datafield tag="936" ind1=" " ind2=" ">
      <subfield code="a">BATCHLOAD</subfield>
    </datafield>
  </record>